Administrative Districts of Bavaria - Statistics

General Stats
  • This quiz has been taken 30 times
  • The average score is 6 of 7
Answer Stats
Answer % Correct
Oberbayern / Upper Bavaria
96%
Schwaben / Swabia
96%
Niederbayern / Lower Bavaria
91%
Oberfranken / Upper Franconia
87%
Unterfranken / Lower Franconia
83%
Mittelfranken / Middle Franconia
74%
Oberpfalz / Upper Palatinate
70%
No matching quizzes found
Score Distribution
Percent of People with Each Score
Percentile by Number Answered
Your Score History
You have not taken this quiz